| 000 | 00462 a2200169 4500 | ||
|---|---|---|---|
| 003 | OSt | ||
| 005 | 20231004162542.0 | ||
| 008 | 231004b |||||||| |||| 00| 0 eng d | ||
| 020 | _a9781529094053 | ||
| 040 | _coclc | ||
| 082 |
_a823.92 _bMOR/H |
||
| 100 | 1 |
_aMorton, Kate, _d1976- _99664 |
|
| 245 |
_aHOMECOMING / _cKate Morton |
||
| 260 |
_aLondon: _bMantle, _c2023. |
||
| 300 | _a631 p | ||
| 942 |
_2ddc _cBK _h823.92 _iMOR/H _k823.92 _mMOR/H |
||
| 999 |
_c42529 _d42529 |
||